[Event "46th Guernsey Open"]
[Site "?"]
[Date "2022.10.22"]
[Round "7"]
[White "Giulian, Philip M"]
[Black "Thurlow, Kevin J"]
[Result "1/2-1/2"]
[WhiteElo "2131"]
[BlackElo "2019"]
[PlyCount "43"]
[EventDate "2022.??.??"]

1. c4 Nf6 2. Nc3 c5 3. Nf3 Nc6 4. e3 d5 5. cxd5 Nxd5 6. d4 cxd4 7. exd4 Bg4 8.
Qb3 Bxf3 9. gxf3 Nf6 10. d5 Nd4 11. Qd1 e5 12. dxe6 Nxe6 13. Bb5+ Nd7 14. Be3
a6 15. Bxd7+ Qxd7 16. Qxd7+ Kxd7 17. O-O-O+ Kc6 18. Kb1 Bc5 19. Ne4 Bxe3 20.
Rd6+ Kc7 21. fxe3 Rad8 22. Rc1+ 1/2-1/2

[Event "46th Guernsey Open"]
[Site "?"]
[Date "2022.10.22"]
[Round "7"]
[White "Johnsen, Gunnar"]
[Black "De Kruif, Kees"]
[Result "1-0"]
[WhiteElo "2121"]
[BlackElo "1846"]
[PlyCount "89"]
[EventDate "2022.??.??"]

1. d4 Nf6 2. Nf3 c5 3. d5 d6 4. c4 g6 5. Nc3 Bg7 6. e4 O-O 7. Bd3 Na6 8. h3 Nc7
9. O-O Bd7 10. Bf4 a6 11. a4 a5 12. Qd2 Na6 13. Rad1 Nb4 14. Bb1 Qc8 15. Kh2
Ra6 16. Nb5 Kh8 17. Rfe1 Ng8 18. e5 dxe5 19. Nxe5 Bf5 20. Bxf5 Qxf5 21. g4 Qc8
22. d6 Nc6 23. d7 Qd8 24. Nxc6 Rxc6 25. Kg1 f5 26. Bc7 Rxc7 27. Nxc7 Qxc7 28.
d8=Q Rxd8 29. Qxd8 Qf4 30. Rxe7 fxg4 31. Rxg7 Kxg7 32. Rd7+ Kh8 33. Qh4 Qc1+
34. Kg2 gxh3+ 35. Qxh3 Nf6 36. Rxb7 Qxc4 37. Qf3 Qd4 38. Rf7 Ng8 39. Qc3 Nh6
40. Rd7 Qxc3 41. bxc3 Nf5 42. Rc7 h5 43. Rxc5 Kg7 44. Rxa5 Kf6 45. Rxf5+ 1-0

[Event "46th Guernsey Open"]
[Site "?"]
[Date "2022.10.22"]
[Round "7"]
[White "Kraft, Karl Heinz"]
[Black "Zheng, Harry Z"]
[Result "0-1"]
[WhiteElo "1989"]
[BlackElo "2049"]
[PlyCount "64"]
[EventDate "2022.??.??"]

1. d4 Nf6 2. Nc3 d5 3. Bf4 a6 4. e3 e6 5. f3 c5 6. Nge2 Nc6 7. Qd2 Nh5 8. Bg3
Nxg3 9. hxg3 Bd6 10. O-O-O b5 11. dxc5 Bxc5 12. Nd4 Qb6 13. Kb1 Ne5 14. Rh5 Nc4
15. Bxc4 bxc4 16. Na4 Qb4 17. Nxc5 Qxc5 18. Qc3 f6 19. Ne2 e5 20. Rh4 O-O 21.
Qd2 Be6 22. Rdh1 Bf5 23. Rd1 Rfd8 24. Nc3 Be6 25. Rdh1 h6 26. e4 d4 27. Nd5 c3
28. Nxf6+ Kf7 29. Qc1 cxb2 30. Qd2 Qa3 31. Nd5 Rxd5 32. Rxh6 Ra5 0-1

[Event "46th Guernsey Open"]
[Site "?"]
[Date "2022.10.22"]
[Round "7"]
[White "Wager, John D"]
[Black "Hamperl, Fred A"]
[Result "1-0"]
[WhiteElo "2034"]
[BlackElo "1983"]
[PlyCount "43"]
[EventDate "2022.??.??"]

1. Nf3 c5 2. g3 Nc6 3. Bg2 e5 4. O-O g6 5. c4 Bg7 6. Nc3 f5 7. a3 Nf6 8. d3 d6
9. Rb1 O-O 10. b4 cxb4 11. axb4 h6 12. b5 Ne7 13. Ba3 Ne8 14. Qb3 Be6 15. Nd2
Qd7 16. e3 Kh7 17. Bb4 Rg8 18. Ra1 Nf6 19. Ra4 d5 20. Bxe7 dxc4 21. Qb4 Qxd3
22. Rd1 1-0

[Event "46th Guernsey Open"]
[Site "?"]
[Date "2022.10.22"]
[Round "7"]
[White "Santos, Joao Artur Almeida"]
[Black "Hewson, Brian WR"]
[Result "1/2-1/2"]
[WhiteElo "1954"]
[BlackElo "2028"]
[PlyCount "29"]
[EventDate "2022.??.??"]

1. e4 c6 2. d4 d5 3. Nc3 dxe4 4. Nxe4 Nf6 5. Ng5 h6 6. N5f3 Bf5 7. Bd3 Bxd3 8.
Qxd3 e6 9. Ne5 Nbd7 10. Ngf3 Nxe5 11. Nxe5 Nd7 12. Nf3 Qc7 13. Be3 Be7 14.
O-O-O O-O-O 15. Kb1 1/2-1/2

[Event "46th Guernsey Open"]
[Site "?"]
[Date "2022.10.22"]
[Round "7"]
[White "Zeidler, Sven P"]
[Black "Dilleigh, Stephen P"]
[Result "1-0"]
[WhiteElo "2148"]
[BlackElo "2041"]
[PlyCount "103"]
[EventDate "2022.??.??"]

1. e4 c6 2. d4 d5 3. f3 e6 4. Nc3 Bb4 5. Bd2 Ne7 6. Nge2 Nd7 7. Nf4 O-O 8. Nd3
Ba5 9. g3 Bb6 10. Ne2 c5 11. exd5 exd5 12. Bh3 cxd4 13. O-O Nf6 14. Bxc8 Rxc8
15. Bb4 Re8 16. Bxe7 Rxe7 17. Kg2 Qd6 18. Qd2 Rce8 19. Rf2 h6 20. a4 a5 21. Ra3
Rc7 22. Rb3 Rec8 23. Qf4 Qxf4 24. Nexf4 Ba7 25. Rb5 b6 26. b4 Rxc2 27. bxa5
Rxf2+ 28. Kxf2 bxa5 29. Rxa5 Rc2+ 30. Ke1 Rc7 31. Nxd5 Nxd5 32. Rxd5 Kf8 33.
Kd2 Ke8 34. f4 Rc4 35. Ra5 Rc7 36. Rb5 Kd8 37. Nb4 Kc8 38. Nd5 Rc4 39. Rb4 Rxb4
40. Nxb4 Kb7 41. Kd3 Kb6 42. Kc4 d3 43. Nxd3 Ka5 44. Nc5 f5 45. h3 h5 46. Kd5
g6 47. Nd3 Kxa4 48. Ne5 Bf2 49. Nxg6 Bxg3 50. Ke5 Kb5 51. Kxf5 Kc6 52. Ke6 1-0

[Event "46th Guernsey Open"]
[Site "?"]
[Date "2022.10.22"]
[Round "7"]
[White "Onslow, Alfie"]
[Black "Waddington, Mike P"]
[Result "1-0"]
[WhiteElo "2115"]
[BlackElo "2027"]
[PlyCount "89"]
[EventDate "2022.??.??"]

1. e4 c5 2. Nf3 Nc6 3. d4 cxd4 4. Nxd4 g6 5. c4 Nf6 6. Nc3 Nxd4 7. Qxd4 Bg7 8.
Be3 O-O 9. Qd2 d6 10. f3 a5 11. b3 Bd7 12. Be2 Bc6 13. Rc1 Nd7 14. O-O Nc5 15.
Rfd1 Be5 16. Qc2 Qb8 17. Nd5 Re8 18. f4 Bg7 19. Bf3 e6 20. Nb6 Ra6 21. Na4 Nxa4
22. bxa4 f5 23. Rb1 Qc7 24. c5 dxc5 25. Qxc5 Bf8 26. Qc4 Qf7 27. e5 Bxf3 28.
gxf3 Bb4 29. Qb5 Rc6 30. Rd3 Re7 31. a3 Bc3 32. Bc5 Rec7 33. Bd6 Rc8 34. Qxb7
Qxb7 35. Rxb7 Be1 36. Be7 Rc1 37. Kg2 R1c2+ 38. Kh3 Bd2 39. Bg5 Bc1 40. Rdd7
Bxa3 41. Rxh7 R8c3 42. Kg3 Bc5 43. Bf6 Bf2+ 44. Kh3 Rxf3+ 45. Kg2 1-0

[Event "46th Guernsey Open"]
[Site "?"]
[Date "2022.10.22"]
[Round "7"]
[White "Jackson, Oliver A"]
[Black "Van Dijk, Bram"]
[Result "1-0"]
[WhiteElo "2095"]
[BlackElo "1950"]
[PlyCount "51"]
[EventDate "2022.??.??"]

1. e4 g6 2. Nc3 Bg7 3. f4 d6 4. Nf3 a6 5. Bc4 b5 6. Bb3 Bb7 7. d3 e6 8. O-O Nc6
9. f5 Qd7 10. Ng5 Nd8 11. Nxf7 Qxf7 12. fxe6 Bd4+ 13. Kh1 Qe7 14. Rf7 Qh4 15.
g3 Qh3 16. Qf3 Ne7 17. Rxe7+ Kxe7 18. Bg5+ Ke8 19. Rf1 Qh5 20. Qf4 Be5 21. Qe3
h6 22. Bxd8 Rxd8 23. d4 Bg7 24. Rf7 Bf8 25. Qf2 Ba8 26. Re7+ 1-0

[Event "46th Guernsey Open"]
[Site "?"]
[Date "2022.10.22"]
[Round "7"]
[White "Nordby, Bernt"]
[Black "Mason, Donald J"]
[Result "1/2-1/2"]
[WhiteElo "2012"]
[BlackElo "2081"]
[PlyCount "46"]
[EventDate "2022.??.??"]

1. d4 Nf6 2. c4 g6 3. Nc3 Bg7 4. e4 d6 5. Be2 O-O 6. Nf3 Nbd7 7. O-O e5 8. Qc2
Qe7 9. Rd1 c6 10. Rb1 Re8 11. d5 c5 12. b4 cxb4 13. Rxb4 Nc5 14. Be3 b6 15. Nd2
h5 16. f3 h4 17. Bg5 h3 18. g4 Qd7 19. Kh1 Nh7 20. Be3 Bf6 21. Rg1 Bg5 22. Nf1
Bf4 23. Qd2 g5 1/2-1/2

[Event "46th Guernsey Open"]
[Site "?"]
[Date "2022.10.22"]
[Round "7"]
[White "Jackson, Sheila"]
[Black "Deepak, Ambattu Rithvik"]
[Result "1/2-1/2"]
[WhiteElo "2077"]
[BlackElo "1523"]
[PlyCount "210"]
[EventDate "2022.??.??"]

1. e4 c5 2. Nf3 g6 3. c3 d5 4. exd5 Qxd5 5. d4 Bg7 6. Be3 cxd4 7. cxd4 Nf6 8.
Nc3 Qd8 9. h3 O-O 10. Bc4 a6 11. a4 Qc7 12. Qe2 Nc6 13. O-O Bd7 14. Rac1 Rfc8
15. Ba2 Qd6 16. Rfd1 Nb4 17. Bc4 Nbd5 18. Ne5 e6 19. Nxd7 Qxd7 20. Nxd5 Nxd5
21. Bb3 b6 22. Rxc8+ Qxc8 23. Rc1 Qd7 24. Qc4 Nxe3 25. fxe3 Bh6 26. Kf2 e5 27.
d5 Qf5+ 28. Ke2 Qg5 29. Qe4 Rd8 30. g4 Qh4 31. Qg2 Bxe3 32. Rc7 Bf4 33. Rc6 Qe7
34. Rxb6 Qc5 35. Qf2 Qc1 36. Ba2 Qd2+ 37. Kf1 Qd1+ 38. Kg2 Qxa4 39. b4 Be3 40.
Qxe3 Qxa2+ 41. Kg3 Qxd5 42. Rxa6 Qc4 43. Ra3 Qxb4 44. g5 Qd6 45. Rc3 e4+ 46.
Kg4 Qe6+ 47. Kg3 Qe5+ 48. Kg2 Qd6 49. h4 Qd2+ 50. Kg3 Qd6+ 51. Qf4 Kf8 52. Re3
Qd1 53. Qxe4 Qg1+ 54. Kh3 Qf1+ 55. Kg3 Qg1+ 56. Kh3 Qd1 57. Kg3 Qd6+ 58. Qe5
Qxe5+ 59. Rxe5 Rd3+ 60. Kg4 Rd4+ 61. Kg3 Ra4 62. Kh3 Kg7 63. Re7 Rf4 64. Kg3
Rf1 65. Kg2 Rf5 66. Kg3 h6 67. Kg4 h5+ 68. Kg3 Rb5 69. Rc7 Rb3+ 70. Kg2 Rb4 71.
Kg3 Rg4+ 72. Kh3 Kf8 73. Ra7 Rd4 74. Ra6 Ke7 75. Rf6 Rd6 76. Rf3 Re6 77. Kg3
Re5 78. Ra3 Ke6 79. Ra6+ Kd5 80. Ra7 Rf5 81. Re7 Kd6 82. Re1 Rd5 83. Rf1 Rd3+
84. Kg2 Ke7 85. Rf6 Rd6 86. Rf3 f6 87. gxf6+ Rxf6 88. Re3+ Kf7 89. Kg3 Rf5 90.
Ra3 Rc5 91. Ra6 Rc4 92. Rb6 Re4 93. Ra6 Re6 94. Ra1 Re3+ 95. Kg2 Kf6 96. Ra5
Re5 97. Ra4 Kf5 98. Kf3 g5 99. hxg5 Kxg5 100. Kg3 Re3+ 101. Kh2 Re5 102. Kh3 h4
103. Rg4+ Kf5 104. Rxh4 Re4 105. Rxe4 Kxe4 1/2-1/2

[Event "46th Guernsey Open"]
[Site "?"]
[Date "2022.10.22"]
[Round "7"]
[White "Curtis, John E"]
[Black "Liu, Jack"]
[Result "1/2-1/2"]
[WhiteElo "2046"]
[BlackElo "1780"]
[PlyCount "86"]
[EventDate "2022.??.??"]

1. d4 Nf6 2. Nf3 g6 3. Bg5 Bg7 4. Nbd2 d5 5. e3 O-O 6. Bd3 b6 7. e4 dxe4 8.
Nxe4 Bb7 9. Nxf6+ exf6 10. Be3 Nd7 11. O-O f5 12. c3 Nf6 13. Bg5 Qd6 14. Bxf6
Bxf6 15. Be2 Rad8 16. Qc2 c5 17. dxc5 Qxc5 18. Rad1 Rfe8 19. Rxd8 Rxd8 20. Rd1
Rxd1+ 21. Qxd1 Qc7 22. Qd2 Qe7 23. Kf1 Kg7 24. Qf4 h6 25. Bd3 Qd7 26. Be2 g5
27. Qd2 Qe6 28. Nd4 Qe4 29. Bf3 Ba6+ 30. Kg1 Qb1+ 31. Qd1 Qxd1+ 32. Bxd1 Bxd4
33. cxd4 Bc4 34. b3 Bb5 35. f4 gxf4 36. Kf2 Kf6 37. Kf3 Bc6+ 38. Kxf4 Bxg2 39.
Bc2 Bd5 40. Bxf5 a5 41. Bd3 Bc6 42. a4 Bd7 43. Bc4 Bf5 1/2-1/2

[Event "46th Guernsey Open"]
[Site "?"]
[Date "2022.10.22"]
[Round "7"]
[White "Page, Mark E"]
[Black "Rosen, Daniel B"]
[Result "1/2-1/2"]
[WhiteElo "2095"]
[BlackElo "1976"]
[PlyCount "76"]
[EventDate "2022.??.??"]

1. e4 d6 2. d4 g6 3. Nc3 a6 4. f4 Bg7 5. Nf3 Nf6 6. Bd3 O-O 7. a4 Nbd7 8. e5
Ne8 9. Ne4 c5 10. c3 cxd4 11. cxd4 dxe5 12. dxe5 Nc7 13. O-O Ne6 14. Be3 Nb6
15. g3 Nd5 16. Bf2 Bd7 17. Qb3 Bc6 18. Rfd1 Qa5 19. Bc4 Rad8 20. Nd4 Nxd4 21.
Bxd4 Nb4 22. Nf2 Nd5 23. Qc2 Rc8 24. Qe2 Nb6 25. Bd3 Rfd8 26. Be4 Nd5 27. Qf3
Qb4 28. b3 e6 29. Rac1 Qe7 30. Bc5 Qe8 31. Ng4 f5 32. exf6 Nxf6 33. Nxf6+ Bxf6
34. Bb6 Rxd1+ 35. Rxd1 Bxe4 36. Qxe4 Rc6 37. a5 Qc8 38. Re1 Rc1 1/2-1/2

[Event "46th Guernsey Open"]
[Site "?"]
[Date "2022.10.22"]
[Round "7"]
[White "Fryer, David W"]
[Black "Gant, Chris J"]
[Result "1/2-1/2"]
[WhiteElo "1876"]
[BlackElo "2091"]
[PlyCount "94"]
[EventDate "2022.??.??"]

1. e4 c5 2. Nf3 Nc6 3. d4 cxd4 4. Nxd4 g6 5. Nc3 Bg7 6. Be3 Nf6 7. Bc4 O-O 8.
Bb3 Re8 9. f3 e6 10. Qd2 d5 11. O-O-O Nxd4 12. Bxd4 e5 13. Bf2 d4 14. Ne2 a5
15. c3 Qc7 16. Kb1 a4 17. Bc2 a3 18. b3 dxc3 19. Qxc3 Qxc3 20. Nxc3 Be6 21. Nb5
Rec8 22. Nd6 Rc7 23. Bd3 Ne8 24. Nxe8 Rxe8 25. Rc1 Rec8 26. Rxc7 Rxc7 27. Rc1
Rxc1+ 28. Kxc1 Bf8 29. Kc2 Bb4 30. Be3 Kf8 31. Bc4 Bd7 32. Bd2 Bd6 33. Bd5 Bb5
34. Bxb7 Bf1 35. g3 Bg2 36. f4 exf4 37. gxf4 Bc5 38. b4 Bg1 39. b5 Ke8 40. Bc6+
Kd8 41. h4 Bf2 42. Ba5+ Kc8 43. Bb4 f5 44. exf5 Bxc6 45. bxc6 Bxh4 46. fxg6
hxg6 47. Bxa3 Kc7 1/2-1/2

[Event "46th Guernsey Open"]
[Site "?"]
[Date "2022.10.22"]
[Round "7"]
[White "Smith, Andrew Philip"]
[Black "De Dreu, Dies"]
[Result "1-0"]
[WhiteElo "2087"]
[BlackElo "1924"]
[PlyCount "63"]
[EventDate "2022.??.??"]

1. e4 e5 2. d4 exd4 3. Qxd4 Nc6 4. Qe3 Be7 5. Nc3 Nb4 6. Qd2 Nf6 7. a3 Nc6 8.
Nge2 O-O 9. Nf4 Ne5 10. b3 Bc5 11. f3 Re8 12. Be2 a6 13. Bb2 b5 14. O-O-O c6
15. b4 Bf8 16. g4 Kh8 17. g5 Ng8 18. h4 a5 19. h5 axb4 20. axb4 Bxb4 21. Ng6+
fxg6 22. hxg6 Nxg6 23. Rxh7+ Kxh7 24. Rh1+ Nh6 25. gxh6 Ba3 26. hxg7+ Nh4 27.
Bxa3 Rxa3 28. Qf4 Qe7 29. Rxh4+ Kxg7 30. Rg4+ Kh8 31. Qh6+ Qh7 32. Qf6+ 1-0

[Event "46th Guernsey Open"]
[Site "?"]
[Date "2022.10.22"]
[Round "7"]
[White "Starley, Robert"]
[Black "Hill, Andy"]
[Result "1-0"]
[WhiteElo "2020"]
[BlackElo "1896"]
[PlyCount "51"]
[EventDate "2022.??.??"]

1. e4 e6 2. d4 d5 3. Nc3 Bb4 4. e5 Qd7 5. Qg4 f5 6. Qg3 b6 7. Bd2 Ba6 8. Bxa6
Nxa6 9. a3 Bf8 10. Nf3 c5 11. O-O Nc7 12. a4 a6 13. Rfe1 Ne7 14. a5 Nc8 15.
axb6 Nxb6 16. Ne2 c4 17. Ba5 Rb8 18. Nf4 g6 19. b3 Bh6 20. bxc4 Bxf4 21. Qxf4
dxc4 22. Rab1 Nb5 23. Qh6 Nd5 24. Bb4 Rb6 25. Bc5 Rc6 26. Rxb5 1-0

[Event "46th Guernsey Open"]
[Site "?"]
[Date "2022.10.22"]
[Round "7"]
[White "Schroeder, Gerhard"]
[Black "Sedgwick, David R"]
[Result "1/2-1/2"]
[WhiteElo "2017"]
[BlackElo "1874"]
[PlyCount "69"]
[EventDate "2022.??.??"]

1. e4 e6 2. d4 d5 3. e5 c5 4. c3 Qb6 5. Nf3 Nc6 6. Bd3 cxd4 7. O-O Bd7 8. Re1
Nh6 9. h3 dxc3 10. Nxc3 Nb4 11. Bb1 Bc5 12. Re2 d4 13. Bxh6 gxh6 14. Ne4 d3 15.
Nf6+ Ke7 16. Rd2 Bc6 17. a3 Nc2 18. Bxc2 dxc2 19. Qxc2 Rad8 20. Rad1 Rxd2 21.
Rxd2 a5 22. Ne4 Bxe4 23. Qxe4 Rd8 24. Qh4+ Ke8 25. Rc2 Rd1+ 26. Kh2 Rb1 27. Nd2
Re1 28. Ne4 Be7 29. Nf6+ Bxf6 30. Qxf6 Qd8 31. Qh8+ Ke7 32. Qg7 Rh1+ 33. Kxh1
Qd1+ 34. Kh2 Qxc2 35. Qf6+ 1/2-1/2

[Event "46th Guernsey Open"]
[Site "?"]
[Date "2022.10.22"]
[Round "7"]
[White "Vernon, Guy"]
[Black "Fegan, Chris"]
[Result "0-1"]
[WhiteElo "1766"]
[BlackElo "2013"]
[PlyCount "116"]
[EventDate "2022.??.??"]

1. e4 c5 2. Nf3 a6 3. c4 d6 4. d4 cxd4 5. Nxd4 Nf6 6. Nc3 g6 7. Be2 Bg7 8. O-O
O-O 9. Kh1 Nc6 10. Nc2 Be6 11. f4 Na5 12. b3 Rc8 13. Bd2 Bd7 14. Rc1 h5 15. Ne3
e6 16. f5 b5 17. cxb5 axb5 18. fxg6 fxg6 19. e5 dxe5 20. Nxb5 Rxc1 21. Qxc1 Ne4
22. Rxf8+ Bxf8 23. Nc3 Nxd2 24. Qxd2 Nc6 25. Nc4 Bg7 26. Qd3 Qh4 27. g3 Qd4 28.
Kg2 Nb4 29. Qd2 Bc6+ 30. Bf3 Bxf3+ 31. Kxf3 Qxc3+ 32. Qxc3 e4+ 33. Kxe4 Bxc3
34. a4 Nc6 35. Kd3 Bb4 36. Nb6 Na5 37. Kc2 Kf7 38. Nd7 Nc6 39. Kd3 e5 40. Kc4
Ke6 41. Nb6 Bd2 42. Kb5 Nd4+ 43. Kc4 Ba5 44. Nd5 Nxb3 45. Ne3 Bb6 46. Nd1 Nd4
47. Kb4 Kd6 48. Nc3 Bc7 49. Kc4 Bd8 50. Nd5 Nf3 51. Nc3 Nxh2 52. Kb5 Nf1 53.
Ne2 Kd5 54. a5 Bxa5 55. Kxa5 Ke4 56. Kb4 Kf3 57. Nc3 Nxg3 58. Kc4 h4 0-1

[Event "46th Guernsey Open"]
[Site "?"]
[Date "2022.10.22"]
[Round "7"]
[White "Havenaar, Jan"]
[Black "Rutten, David"]
[Result "1-0"]
[WhiteElo "2008"]
[BlackElo "1750"]
[PlyCount "133"]
[EventDate "2022.??.??"]

1. Nc3 d5 2. e4 c6 3. Nf3 Bg4 4. h3 Bxf3 5. Qxf3 e6 6. Qg3 Nf6 7. e5 Nfd7 8. d4
c5 9. dxc5 Nc6 10. f4 Qa5 11. Bd2 Qxc5 12. O-O-O O-O-O 13. a3 Nb6 14. Nb1 Nd4
15. Qc3 Nf5 16. Qd3 h5 17. Bb4 Qe3+ 18. Qxe3 Nxe3 19. Rd3 Nxf1 20. Rxf1 Bxb4
21. axb4 g6 22. b3 Kb8 23. Rfd1 Rc8 24. Kb2 Rc7 25. R1d2 Rhc8 26. Nc3 a6 27.
Ne2 Ka7 28. Nd4 Nd7 29. Nf3 b5 30. Ng5 Nb8 31. c3 Kb6 32. g4 Rh8 33. f5 gxf5
34. gxf5 Rh6 35. fxe6 fxe6 36. Rf3 Rg6 37. h4 Nc6 38. Rf6 Nxe5 39. Rxe6+ Rxe6
40. Nxe6 Re7 41. Nf4 Rd7 42. Rxd5 Rxd5 43. Nxd5+ Kc6 44. Nf4 Nf3 45. Nxh5 Nxh4
46. Nf4 Nf3 47. c4 bxc4 48. bxc4 Ne5 49. Kc3 Nd7 50. Kd4 Kb6 51. Kd5 Nf6+ 52.
Ke5 Ne8 53. Nd5+ Kc6 54. Kd4 Kd6 55. c5+ Kc6 56. Kc4 Ng7 57. Ne7+ Kd7 58. Ng6
Kc6 59. Ne5+ Kc7 60. Kd5 Ne8 61. Nf3 Nf6+ 62. Ke6 Nd7 63. Ne5 Nb8 64. Ke7 Kc8
65. Kd6 Kb7 66. c6+ Kc8 67. c7 1-0

[Event "46th Guernsey Open"]
[Site "?"]
[Date "2022.10.22"]
[Round "7"]
[White "Morgan, Jamie"]
[Black "Cordova Lopez, Diego Anton"]
[Result "1/2-1/2"]
[WhiteElo "1741"]
[BlackElo "2006"]
[PlyCount "44"]
[EventDate "2022.??.??"]

1. e4 c5 2. Nc3 g6 3. f4 Bg7 4. Nf3 Nc6 5. a4 a6 6. Bc4 Nd4 7. d3 d6 8. O-O Bg4
9. Bxf7+ Kf8 10. Bxg8 Kxg8 11. Nd5 Nxf3+ 12. gxf3 Bh3 13. Re1 e6 14. Ne3 Qh4
15. Qe2 Bh6 16. Ng4 Bxg4 17. fxg4 Rf8 18. Rf1 Bg7 19. Be3 h5 20. g5 Rf7 21. c3
d5 22. e5 Bf8 1/2-1/2

[Event "46th Guernsey Open"]
[Site "?"]
[Date "2022.10.22"]
[Round "7"]
[White "Hafthorsson, Jon Ulfur"]
[Black "Heppell, Ian N"]
[Result "1/2-1/2"]
[WhiteElo "1327"]
[BlackElo "1999"]
[PlyCount "34"]
[EventDate "2022.??.??"]

1. e4 e5 2. Nc3 Nf6 3. f4 d5 4. fxe5 Nxe4 5. Qf3 Nc6 6. Bb5 Nxc3 7. bxc3 Be7 8.
d4 O-O 9. Bd3 Be6 10. Ne2 Qd7 11. O-O Bg4 12. Qg3 f6 13. Qh4 f5 14. Bg5 Bxe2
15. Bxe2 Qd8 16. Bxe7 Qxe7 17. Qxe7 Nxe7 1/2-1/2

[Event "46th Guernsey Open"]
[Site "?"]
[Date "2022.10.22"]
[Round "7"]
[White "Collier, David O"]
[Black "Agustsson, Hafsteinn"]
[Result "1/2-1/2"]
[WhiteElo "2004"]
[BlackElo "1776"]
[PlyCount "37"]
[EventDate "2022.??.??"]

1. e4 c5 2. Nc3 Nc6 3. Nf3 Nf6 4. d4 cxd4 5. Nxd4 e5 6. Ndb5 d6 7. a4 a6 8. Na3
Be6 9. Bg5 Be7 10. Bxf6 Bxf6 11. Nc4 Nd4 12. Ne3 Rc8 13. Bd3 Bg5 14. Ned5 O-O
15. O-O f5 16. exf5 Bxf5 17. Ne4 Bh6 18. c3 Ne6 19. Ng3 1/2-1/2

[Event "46th Guernsey Open"]
[Site "?"]
[Date "2022.10.22"]
[Round "7"]
[White "Simons, Sebastiaan"]
[Black "Strade, Arita"]
[Result "0-1"]
[WhiteElo "1771"]
[BlackElo "1918"]
[PlyCount "68"]
[EventDate "2022.??.??"]

1. e4 c5 2. Nf3 d6 3. c3 g6 4. d4 cxd4 5. cxd4 Bg7 6. h3 a6 7. Nc3 Nc6 8. Be2
e6 9. Be3 b5 10. a3 Nge7 11. O-O O-O 12. Ne1 f5 13. f3 f4 14. Bf2 d5 15. e5 Nf5
16. Nc2 Na5 17. a4 b4 18. Nxb4 Rb8 19. Nxa6 Rxb2 20. Nc5 Ne3 21. Bxe3 fxe3 22.
Ra2 Rb4 23. Nb5 Qb6 24. Qc1 Bh6 25. Qc3 Rc4 26. Bxc4 Nxc4 27. Qd3 Nxe5 28. dxe5
Qxc5 29. Qd4 Qxd4 30. Nxd4 Rf4 31. Ne2 Rh4 32. f4 Ba6 33. g3 Bf8 34. Rd1 Bc4
0-1

[Event "46th Guernsey Open"]
[Site "?"]
[Date "2022.10.22"]
[Round "7"]
[White "Giulian, Rosemary A"]
[Black "Wynarczyk, Raymond"]
[Result "1-0"]
[WhiteElo "1868"]
[BlackElo "1739"]
[PlyCount "79"]
[EventDate "2022.??.??"]

1. e4 e5 2. Nf3 d6 3. d4 exd4 4. Nxd4 Nf6 5. Nc3 Be7 6. Bf4 O-O 7. Qd2 a6 8. a4
b6 9. Be2 Bb7 10. f3 Nbd7 11. Nf5 Re8 12. Nxe7+ Qxe7 13. O-O Ne5 14. Kh1 Ng6
15. Bg3 Rad8 16. Rfe1 Nh5 17. Bf2 Nhf4 18. Bc4 Qf6 19. Bd4 Qg5 20. Be3 Qf6 21.
Nd5 Bxd5 22. exd5 h6 23. Bxa6 Re5 24. Bd4 Rxe1+ 25. Rxe1 Qg5 26. c4 Nh4 27. Bb5
Nf5 28. Bc3 Qh4 29. Kg1 g5 30. Re4 Qh5 31. g4 Qh3 32. Rxf4 gxf4 33. gxf5 Qxf3
34. Qg2+ Qxg2+ 35. Kxg2 Kh7 36. Kf3 Rg8 37. Kxf4 Rg2 38. h3 Kg8 39. Bf6 Kh7 40.
Bd8 1-0

[Event "46th Guernsey Open"]
[Site "?"]
[Date "2022.10.22"]
[Round "7"]
[White "Hoogakker, Peter"]
[Black "Eedle, Eric F"]
[Result "1-0"]
[WhiteElo "1846"]
[BlackElo "1667"]
[PlyCount "85"]
[EventDate "2022.??.??"]

1. e4 c5 2. Nf3 Nc6 3. c3 Nf6 4. Qc2 e5 5. Bc4 Be7 6. a3 O-O 7. O-O d6 8. d3 h6
9. Nbd2 a6 10. Re1 Be6 11. b4 Bxc4 12. Nxc4 b5 13. Ne3 cxb4 14. axb4 d5 15. Nf5
d4 16. Nxe7+ Qxe7 17. cxd4 Nxd4 18. Nxd4 exd4 19. Bd2 Rfc8 20. Qb2 Qd7 21. Rec1
Rxc1+ 22. Rxc1 Rd8 23. Rc5 Qe6 24. h3 Kh7 25. Bf4 Qe7 26. Qa2 g5 27. Bg3 Qe6
28. Qxe6 fxe6 29. Rc6 Nh5 30. Be5 a5 31. bxa5 Ra8 32. a6 Nf4 33. Rc7+ Kg6 34.
a7 b4 35. Kf1 Nxd3 36. Bxd4 e5 37. Be3 b3 38. Rb7 b2 39. Rb8 Kf7 40. Ke2 Nf4+
41. Kd2 Nxg2 42. Bc5 Nf4 43. Kc2 1-0

[Event "46th Guernsey Open"]
[Site "?"]
[Date "2022.10.22"]
[Round "7"]
[White "Moyroud, Pierre"]
[Black "Boudkeev, Timour"]
[Result "1-0"]
[WhiteElo "1705"]
[BlackElo "1839"]
[PlyCount "71"]
[EventDate "2022.??.??"]

1. d4 Nf6 2. c4 e6 3. Nc3 d5 4. cxd5 exd5 5. Bg5 Be7 6. e3 Bf5 7. Qb3 b6 8.
Bxf6 Bxf6 9. Qxd5 Qxd5 10. Nxd5 Bd8 11. Rc1 c6 12. Nc3 Nd7 13. g3 c5 14. Bg2
Rc8 15. Nge2 cxd4 16. exd4 O-O 17. O-O Bd3 18. Rfe1 Bf6 19. Bh3 Rcd8 20. Nd5
Bxe2 21. Rxe2 Bxd4 22. Ne7+ Kh8 23. Nc6 Nc5 24. Nxd8 Rxd8 25. Rce1 g6 26. Re8+
Rxe8 27. Rxe8+ Kg7 28. b3 Nd3 29. Re2 Ne5 30. Bc8 h5 31. Kg2 Kf6 32. f4 Nc6 33.
Rc2 Ne7 34. Ba6 Bc5 35. b4 Nd5 36. bxc5 1-0

[Event "46th Guernsey Open"]
[Site "?"]
[Date "2022.10.22"]
[Round "7"]
[White "Jongerius, Marc"]
[Black "Ingham, H William"]
[Result "0-1"]
[WhiteElo "1669"]
[BlackElo "1831"]
[PlyCount "62"]
[EventDate "2022.??.??"]

1. e4 d6 2. d4 Nf6 3. Nc3 c6 4. Be2 Qa5 5. Bd2 e5 6. Nd5 Qd8 7. Nxf6+ Qxf6 8.
Bc3 Nd7 9. Qd3 Be7 10. Nf3 O-O 11. h4 exd4 12. Bxd4 Ne5 13. Bxe5 dxe5 14. Qc3
Re8 15. O-O-O Qf4+ 16. Qd2 Qxe4 17. Bd3 Qa4 18. a3 e4 19. Bxe4 Qxe4 20. Rhe1
Qd5 21. Rxe7 Rxe7 22. Qb4 Qe6 23. Re1 Qh6+ 24. Ng5 Rxe1+ 25. Qxe1 Be6 26. Kb1
Re8 27. Qb4 Bd5 28. g3 f6 29. Nh3 Qh5 30. Kc1 Qe2 31. b3 Qf1+ 0-1

[Event "46th Guernsey Open"]
[Site "?"]
[Date "2022.10.22"]
[Round "7"]
[White "Murray, J Stephen"]
[Black "Dijksterhuis, Rolf"]
[Result "1/2-1/2"]
[WhiteElo "1671"]
[BlackElo "1911"]
[PlyCount "59"]
[EventDate "2022.??.??"]

1. e4 c5 2. Be2 Nc6 3. f4 d6 4. Nf3 g6 5. O-O Bg7 6. c3 Nf6 7. d3 O-O 8. Kh1
Qc7 9. Be3 b5 10. a3 a5 11. Nbd2 Bb7 12. Qe1 b4 13. Qh4 Nd7 14. Rac1 e6 15. f5
exf5 16. Bh6 bxc3 17. bxc3 fxe4 18. Nxe4 f6 19. Bxg7 Kxg7 20. Qg3 Nce5 21. Nxe5
Nxe5 22. Rf4 Bxe4 23. Rxe4 Ra7 24. h4 Kh8 25. Qe3 d5 26. Rf4 Qd6 27. d4 cxd4
28. Rxd4 Re7 29. Qd2 Qxa3 30. Rxd5 1/2-1/2

[Event "46th Guernsey Open"]
[Site "?"]
[Date "2022.10.22"]
[Round "7"]
[White "Robinson, John K"]
[Black "Hall, Alan"]
[Result "0-1"]
[WhiteElo "1967"]
[BlackElo "1723"]
[PlyCount "77"]
[EventDate "2022.??.??"]

1. d4 Nf6 2. Nf3 d5 3. c4 g6 4. cxd5 Nxd5 5. g3 Bg7 6. Bg2 O-O 7. O-O Nd7 8. e4
N5b6 9. Nc3 Nf6 10. h3 Bd7 11. Re1 Rc8 12. Kh2 c5 13. d5 Ne8 14. Qe2 a6 15. e5
Na4 16. Be3 Nxc3 17. bxc3 b5 18. Rad1 h6 19. Qd2 Kh7 20. e6 Nd6 21. exd7 Qxd7
22. Qc1 Ne4 23. Bxh6 Bxh6 24. Qc2 Nd6 25. Ne5 Qc7 26. h4 Bg7 27. h5 Bxe5 28.
Rxe5 Rg8 29. Rde1 Rce8 30. Bh3 f6 31. hxg6+ Rxg6 32. Rh5+ Kg7 33. Be6 Qd8 34.
Kg2 Rh8 35. Reh1 Rgh6 36. Rxh6 Rxh6 37. Rxh6 Kxh6 38. Qc1+ Kg7 39. Qf4 $138 {
... White lost on time.} 0-1

[Event "46th Guernsey Open"]
[Site "?"]
[Date "2022.10.22"]
[Round "7"]
[White "Van Hoek, Wim"]
[Black "Norman, Dinah M"]
[Result "0-1"]
[WhiteElo "1843"]
[BlackElo "1692"]
[PlyCount "82"]
[EventDate "2022.??.??"]

1. e4 d5 2. exd5 Qxd5 3. Nf3 Nf6 4. d4 Bf5 5. c4 Qd8 6. Nc3 c6 7. Be2 e6 8. O-O
Be7 9. h3 h6 10. Be3 O-O 11. Qd2 Re8 12. Rfd1 Bf8 13. g4 Bh7 14. g5 hxg5 15.
Nxg5 Bf5 16. Kg2 Qc8 17. Bf3 Nbd7 18. Nce4 Nxe4 19. Nxe4 a5 20. Ng3 Bh7 21. h4
a4 22. h5 Qd8 23. h6 gxh6 24. Rh1 Qf6 25. Bxh6 Bxh6 26. Rxh6 Qg7 27. Rah1 Nf8
28. Qe3 e5 29. Be4 Bxe4+ 30. Qxe4 Ng6 31. d5 cxd5 32. cxd5 Qf6 33. Qg4 Kf8 34.
Nf5 Rac8 35. Qb4+ Kg8 36. Rh8+ Nxh8 37. Ne7+ Kg7 38. Nxc8 Qg5+ 39. Kf1 Qc1+ 40.
Kg2 Qxc8 41. Qe4 Ng6 0-1